World Geography by letter L - Statistics

General Stats
  • This quiz has been taken 62 times
  • The average score is 9 of 15
Answer Stats
Hint Answer % Correct
Home of hollywood Los Angeles
98%
Country to the Western border of Vietnam Laos
92%
Major City in France Lyon
92%
City in Nevada, known for gambling Las Vegas
90%
Most populous island in The Philippines Luzon
78%
Country formerly colonized by Italy Libya
76%
Capital of Zambia Lusaka
68%
Capital of Malawi Lilongwe
66%
Major City in Germany Leipzig
63%
Major City in Ukraine Lviv
63%
Sea to the South of India Laccadive Sea
25%
Sea in the Arctic, North of Russia Laptev Sea
24%
Indian State East of Jammu and Kashmir Ladakh
14%
Former autonomous branch of the Teutonic Order Livonian Order
14%
State near the centere of Argentina La Pampa
2%
No matching quizzes found
Score Distribution
Percent of People with Each Score
Percentile by Number Answered
Your Score History
You have not taken this quiz